| 000 | 01021nam a22002535a 4500 | ||
|---|---|---|---|
| 003 | OSt | ||
| 005 | 20161208134838.0 | ||
| 008 | 161208s1991 ua frb 000 0 ara d | ||
| 015 | _a1991/9251 | ||
| 020 | _z977002435ْXL | ||
| 040 |
_aEG-ScBUE _bara _cEG-ScBUE |
||
| 082 | 0 | 4 |
_a345 _bع ق ي _222 |
| 100 | 1 | _aعقيدة، محمد أبو العلا. | |
| 245 | 1 | 0 |
_aأصول علم العقاب : _bدراسة تحليلية وتأصيلية للنظام العقابي المعاصر مقارنا بالنظام العقابي الإسلامي / _cتأليف محمد أبو العلا عقيدة. |
| 260 |
_aالقاهرة : _bدار النهضة العربية، _c1991. |
||
| 300 |
_a510 ص. ؛ _c24 سم. |
||
| 504 | _aيشتمل على إرجاعات ببليوجرافية. | ||
| 650 | 7 |
_aقانون العقوبات. _2BUEsh _941137 |
|
| 650 | 7 |
_aالعقوبات (فقه إسلامي) _2BUEsh |
|
| 650 | 7 |
_aعلم الإجرام. _2BUEsh |
|
| 651 | _2BUEsh | ||
| 653 |
_bLLAAWW _cDecember2016 |
||
| 942 | _2ddc | ||
| 999 |
_c23528 _d23500 |
||